000 00892nam a2200229 a 4500
001 1564
003 BR-CuiBMT
005 20231215194740.0
008 231215s2018 mtba 000 0 por d
040 _aBR-CuiBMT
_cBR-CuiBMT
080 _22007
_a328
_x(817.2)
_x(042.5)
090 _a328(817.2)(042.5)
_bA844d
110 1 _aAssembleia Legislativa do Estado de Mato Grosso
245 _aDiscursos :
_bposse dos presidentes da assembleia legislativa e governadores do estado de Mato Grosso : revista do parlamento de Mato Grosso
_cAssembleia legislativa de Mato Grosso
260 _aCuiabá :
_bAssembleia legislativa de Mato Grosso ,
_c2018.
300 _a252 p.:
_bil.
_c30 cm
500 _aEdição revista e atualizada 2018
504 _aInclui bibliografia.
650 _aAssembleia legislativa
_zMato Grosso
650 _aDiscursos
_xAssembleia legislativa
_zMato Grosso
942 _2udc
_cLV
999 _c1564
_d1564